000 01461nam a2200289Ia 4500
999 _c55018
_d55018
001 22092
003 GE_BSU
005 20221024114307.0
008 181216s2014||||ge |||||||||||||| ||geo||
020 _aISBN:978-9941-0-2522-8
040 _cGE_BSU
041 _ageo
080 _a271.22-726.2(479.22)+1(479.22)(092პეტრე იბერი) თ-40
100 _aთევზაძე, გურამ
_915473
245 _aპეტრე იბერი /
_cგურამ თევზაძე ; რედ. ალექსანდრე ალადაშვილი.
250 _aმე-2 შესწორებული გამოცემა
264 _aთბილისი :
_bCarpe Diem,
_c2009-2014.
300 _a33 გვ. ;
_c20 სმ.
500 _aგარეკანზე გამოსახულია პეტრე იბერის ფოტო
541 _h2ლ.90თ.
653 _aპეტრე იბერი
653 _aპეტრე იბერი ძველი ქართული და საერთოდ,ქრისტიანული მსოფლმხედველობის გამოჩენილი წარმომადგენელია
653 _aრელიგია
653 _aფილოსოფია
700 _aალადაშვილი, ალექსანდრე
_eრედაქტორი
_9224
942 _cBK
_2udc